000 00952nam a2200241 a 4500
003 BD-DhJNU
005 20250519083216.0
008 050817s2005 bg ab b 001 0 eng
020 _a9840517368
040 _aBD-DhJNU
_bENG
_cBD-DhJNU
_dBD-DhJNU
082 0 0 _a307.1 MAB
_223
245 0 0 _aMaking a living :
_bthe livelihoods of the rural poor in Bangladesh /
_cedited by Iqbal Alam Khan and Janet Seeley.
260 _aDhaka :
_bUniversity Press,
_c2005.
300 _axxx, 245 p. :
_bill., map ;
_c22 cm.
520 _aContributed articles prepared under the Livelihoods of the Extreme Poor Study Project, Bangladesh.
504 _aIncludes bibliographical references (p. 221-233) and index.
650 0 _aRural poor
_zBangladesh
_xEconomic conditions.
651 0 _aBangladesh
_xRural conditions.
700 1 _aKhan, Iqbal Alam.
700 1 _aSeeley, J. A.
710 2 _aLivelihoods of the Extreme Poor Study (Project : Bangladesh)
942 _cBK
999 _c1718
_d1718